000 02866nam a2200349 a 4500
003 OSt
005 20250627143819.0
007 cr ||||||a|c|a
008 250224s2024 mx a|||fom||| 001 0 spa d
040 _erda
100 1 _aFrancisco Macario, Brayan Humberto
_9190147
245 1 0 _aCurva de crecimiento del pasto cayman (Urochloa híbrido cv. Ciat BRO2/1752) /
_cpor Brayan Humberto Francisco Macario y Jesús Alberto Méndez Zaragoza; director de tesis Sergio Ibán Mendoza Pedroza; secretario Fernando González Cerón; vocal Ever de Jesús Flores Santiago; suplente José Melquiades Monzón Armenta; suplente Jesús Miguel Calzada Marín.
264 1 _aChapingo, México :
_bEl autor,
_c2024.
300 _a1 recurso en línea (50 páginas):
_bcuadros, figuras.
336 _2rdacontent
_atexto
_btxt
337 _2rdamedia
_acomputadora
_bc
338 _2rdacarrier
_arecurso en línea
_bcr
502 _bIAEZ
_cZootecnía
_d2024.
_gLIC
504 _aIncluye referencias bibliográficas: páginas 30-35.
520 _aSe evaluó la curva de crecimiento del pasto Cayman (Urochloa híbrido cv. CIAT BRO2/1752) con diferente intensidad de corte (IC) y días después del corte (DDC), a partir del corte de homogenización. El experimento se llevó a cabo en San José Puyacatengo, Teapa, Tabasco (coordenadas 17° 31´ 38”, N 92° 55´50” W, 7 msnm). Los datos de las variables respuesta (PTm, PSb, MSsb, Pt, MSt, Ph, MSh), con base en la IC (5 y 10 cm) y en los DDC (20, 30 y 40 d), fueron analizados bajo un diseño experimental en bloques completamente al azar, a través del procedimiento MIXED de SAS V.9.3. Las diferencias entre tratamientos fueron consideradas significativas a P ≤ 0.05. El pasto Cayman presenta el mayor rendimiento de forraje a los 40 DDC y a una IC de 5 cm. Mientras que para las variables altura y cobertura se recomienda una IC de 10 cm. Por su parte la relación tallo-hoja y número de macollos, no presentan diferencias significativas por efecto de la IC. En la presente investigación se comprobó que el pasto Cayman es recomendable para la región por sus cualidades agronómicas.
650 4 _aPastos forrajeros
_xCrecimiento
_986099
650 4 _aPastos
_xRendimiento
_986076
650 4 _aCurvas de Crecimiento
_9143477
700 1 _aMéndez Zaragoza, Jesus Alberto
_9190148
700 1 _aMendoza Pedroza, Sergio Ibán
_974719
_eDirector de tesis.
700 1 _aGonzález Cerón, Fernando
_948783
_eSecretario.
700 1 _aFlores Santiago, Ever del Jesús
_eVocal.
_941735
700 1 _aMonzón Armenta, José Melquiades
_978028
_eSuplente.
700 1 _aCalzada Marín, Jesús Miguel
_917637
_eSuplente.
856 _uhttp://10.13.5.2/tesis/tl/1610766-3_Y_1811627-7_FRANCISCO_MACARIO_BRAYANHUMBERTO_Y_MENDEZ_ZARAGOZA_JESUSALBERTO.pdf
_zDESCARGAR PDF
942 _2Clasificación Universidad Autónoma Chapingo
_cTD
999 _c220478
_d220478